Normal view
MARC view
Entry Personal Name
001 - CONTROL NUMBER
- control field: 11273
003 - CONTROL NUMBER IDENTIFIER
- control field: OSt
005 - DATE AND TIME OF LATEST TRANSACTION
- control field: 20161110134239.0
008 - FIXED-LENGTH DATA ELEMENTS
- fixed length control field: 161110|| aca||aabn | a|a d
040 ## - CATALOGING SOURCE
- Original cataloging agency: OSt
- Transcribing agency: OSt
100 ## - HEADING--PERSONAL NAME
- Personal name: Edited by Datta Manjula;
670 ## - SOURCE DATA FOUND
- Source citation: Work cat.: (OSt): Edited by Datta Manjula;, Bilinguality and Literacy:, 2000.
